000 01085nam a2200313 a 4500
003 AR-BaBNM
005 20251128205812.0
008 082120s2002 ||||||||||||||000 | spa||
040 _cAR-BaBNM
100 1 _aSánchez, Azucena Elvira
245 0 0 _aSeguimos aprendiendo
_bcuaderno de actividades
_n2
250 _a1ª ed.
260 _aBuenos Aires
_bMinisterio de Cultura y Educación. Plan Social Educativo
_c1996
300 _a63 p.
_bil.
500 _aEste texto fue elaborado por el C.E.N.M. No 2 de El Potrillo, Formosa como parte de un proyecto de educación biblingüe para la educación de los niños de la comunidad Wichi
650 4 _aABORIGENES
650 4 _aEDUCACION MULTICULTURAL
650 4 _aPROGRAMAS INTERCULTURALES
650 4 _aIGUALDAD DE EDUCACION
650 4 _aMINORIAS CULTURALES
650 4 _aACTIVIDADES DE APRENDIZAJE
650 4 _aPROGRAMAS DE EDUCACION COMPENSATORIA
650 4 _aALFABETIZACION
650 4 _aBILINGÜISMO
653 _aEDUCACION EN LA DIVERSIDAD
700 1 _aCuellar, Gloria D.
942 _cBK
998 _cRAQUEL
999 _c12866
_d12866